Českí a slovenskí vojaci opäť spoločne

Saved in:
Bibliographic Details
Main Authors: MEČIAR, V. (Author), ROUŠAR, J. (Author)
Format: Book
Language:Slovak
English
Published: Bratislava : Min. obrany SR, 2002
Edition:1. vyd.
Subjects:
ISBN:8088842573
Online Access: Get full text
Tags: Add Tag
No Tags, Be the first to tag this record!

MARC

LEADER 00000nam a2200000 4500
003 SK-BrCVT
005 20230525122401.0
008 221214c2002 xo slo
020 |a 8088842573  |c 50.00 Sk 
035 |a CVTIDW0018490 
040 |a CVTISR  |c CVTISR  |e AACR2 
041 |a slo  |h eng 
044 |a xo  |c SK 
100 1 |a MEČIAR, V.  |4 aut 
245 1 |a Českí a slovenskí vojaci opäť spoločne  |c Autori: V. MEČIAR, J. ROUŠAR 
250 |a 1. vyd. 
260 1 |a Bratislava :  |b Min. obrany SR,  |c 2002 
300 |a 30 s. 
655 4 |a informačný materiál  |9 35567 
700 1 |a ROUŠAR, J.  |4 aut 
910 |a 5072  |b P030190 
919 |a 80-88842-57-3 
974 |a cvti cvti  |f Knihy neprofilové  |b cvti cvti 
992 |a AIM 
997 |h WINISIS 
999 |c 282971  |d 282971